[Event "RUS Cup Final Women 2018"]
[Site "Khanty-Mansiysk"]
[Date "2018.12.06"]
[Round "1.2"]
[White "Shuvalova, Polina"]
[Black "Voit, Daria"]
[Result "1-0"]
[WhiteElo "2441"]
[BlackElo "2358"]
[Annotator "TA"]
[PlyCount "65"]
[EventDate "2018.12.05"]
[EventType "k.o."]
[EventCountry "RUS"]
[SourceTitle "playchess.com"]
[Source "ChessBase"]
[SourceQuality "1"]

{[%evp 16,65,3,9,25,26,36,28,27,45,82,65,71,63,52,71,88,79,83,0,84,92,92,83,92,86,98,91,89,93,97,96,104,92,104,100,265,248,293,297,277,270,395,371,566,598,730,735,732,720,691,675]} 1. e4 c5 2. Nf3 d6 3. Bb5+ Nd7 4. O-O a6 5. Bd3 Ngf6 6. Re1 {B51: Sicilian: Moscow Variation (3 Bb5+) without 3...Bd7} b5 (6... e6 7. a4 b6 8. b3 Bb7 9. Bb2 Be7 10. Na3 O-O 11. e5 Ne8 12. Nc4 d5 {½-½ (31) Amin,B (2709)-Saric,I (2692) Zagreb 2018}) 7. c3 Bb7 8. Bc2 c4 9. a4 {LiveBook: 18 Games} Nc5 10. axb5 axb5 11. Rxa8 Qxa8 $146 ({Predecessor:} 11... Bxa8 12. Na3 Qb8 {0-1 (77) Bressac,S (2343)-Matinian,N (2499) Lorca 2017}) 12. Na3 Nfxe4 13. d3 cxd3 14. Bxd3 Nxd3 15. Qxd3 Nc5 16. Qxd6 e6 17. Qc7 (17. Qg3 $16 Bxf3 18. gxf3) 17... Qc8 (17... Bxf3 $11 {keeps the balance.} 18. gxf3 Nd3) 18. Qxc8+ Bxc8 19. Nxb5 Bd7 20. c4 $36 {[%mdl 2048] Keeping Black busy.} Nb3 21. Bf4 {Strongly threatening Re3.} f6 22. Nc7+ Kf7 {[#]} 23. Rd1 $1 {[%cal Rd1d7]} Bc6 24. Rd8 g5 25. Be3 Bg7 $2 (25... Rg8 $16) 26. Rd6 $18 Bxf3 27. Rd7+ ({Much less strong is} 27. gxf3 Bf8 $18) 27... Kg6 {[#] And now ...Be2 would win.} 28. gxf3 ({Not} 28. Nxe6 Be2 $16) 28... e5 (28... f5 {was worth a try.} 29. Nxe6 Bf6) 29. Nd5 Ra8 (29... Bf8 $142 30. Kg2 Bc5 31. Bxc5 Nxc5) 30. c5 {[%cal Bc4c5,Bc5c6,Bc6c7][%mdl 32] White is clearly winning.} Bf8 31. c6 Na5 32. c7 Nc6 33. Nb6 {Accuracy: White = 84%, Black = 46%.} 1-0

[Event "RUS Cup Final Women 2018"]
[Site "Khanty-Mansiysk"]
[Date "2018.12.06"]
[Round "1.2"]
[White "Kovanova, Baira"]
[Black "Guseva, Marina"]
[Result "1-0"]
[WhiteElo "2352"]
[BlackElo "2408"]
[Annotator "TA"]
[PlyCount "85"]
[EventDate "2018.12.05"]
[EventType "k.o."]
[EventCountry "RUS"]
[SourceTitle "playchess.com"]
[Source "ChessBase"]
[SourceQuality "1"]

{[%evp 23,85,16,2,17,37,20,43,56,62,56,59,64,54,60,52,50,60,59,85,44,48,46,40,20,41,39,84,40,65,38,33,45,45,18,56,44,53,50,387,398,357,235,430,416,499,507,501,452,477,445,517,505,953,638,625,612,29982,549,502,397,1105,895,29992,29993]} 1. d4 Nf6 2. c4 e6 3. Nc3 Bb4 4. Qc2 O-O 5. e4 d5 6. e5 Ne4 7. Bd3 c5 8. Nf3 {E32: Nimzo-Indian: Classical (4 Qc2): 4...0-0} cxd4 9. Nxd4 Nd7 10. Bf4 Ndc5 (10... Qh4 11. g3 Qh5 12. h4 Nxe5 13. Be2 Ng4 14. Bxg4 Qxg4 15. f3 Qh5 {1-0 (36) Vallejo Pons,F (2707)-So,W (2780) Leon 2018}) 11. O-O Nxd3 12. Qxd3 Bxc3 {LiveBook: 34 Games} 13. bxc3 Nc5 14. Qg3 {Threatens to win with Bh6.} Ne4 15. Qe3 f5 $146 ({Predecessor:} 15... b6) 16. cxd5 g5 17. Bg3 $1 ({Reject} 17. dxe6 gxf4 18. Qxf4 Kh8 $17) 17... exd5 {And now ...f4 would win.} 18. f4 g4 19. Rfd1 Qe8 20. Be1 Be6 21. Rab1 b6 22. Qd3 Nc5 23. Qg3 Ne4 24. Qh4 Qg6 25. Rd3 Bf7 26. a3 Rfe8 27. h3 h5 28. Rbd1 Nc5 29. Re3 Ne4 30. c4 {Black must now prevent hxg4.} dxc4 $2 {[%mdl 8192] [#]} ({Black should try} 30... Rad8 $1 $14) 31. Rxe4 $1 $18 {[%mdl 512]} fxe4 32. f5 Qg7 $2 (32... Qh6 {was worth a try.}) 33. e6 gxh3 {[%csl Gh3][%cal Rg7g2]} 34. exf7+ Qxf7 {intending ...hxg2.} 35. Qxh3 {Hoping for Ne6.} Rad8 36. Bc3 e3 {With the idea ...Re4.} 37. Re1 {Strongly threatening Nf3.} Re4 (37... e2 $142 38. Qf3 (38. Nxe2 Rd3 $11) (38. Rxe2 Rxe2 39. Nxe2 Rd1+ 40. Kf2 Rd3 $16) 38... Rd5 39. Rxe2 Rxe2) 38. Qg3+ Rg4 39. Qxe3 Qg7 {[%cal Rg4d4]} 40. Ne6 (40. Nc6 $142 Rxg2+ 41. Kh1 Qc7 42. Ne7+ Kh7 43. Kxg2 Qd6 44. f6 Rg8+ 45. Nxg8) 40... Qb7 {[%csl Gg4][%cal Rb7g2]} 41. Nf4 Qf7 $2 (41... Qc6 42. Qe5 Qc5+ 43. Qxc5 bxc5) 42. Ng6 {White wants to mate with Qh6.} h4 43. Qh6 {Accuracy: White = 63%, Black = 26%.} 1-0

[Event "RUS Cup Final Women 2018"]
[Site "Khanty-Mansiysk"]
[Date "2018.12.06"]
[Round "1.2"]
[White "Charochkina, Daria"]
[Black "Bodnaruk, Anastasia"]
[Result "1-0"]
[WhiteElo "2344"]
[BlackElo "2420"]
[Annotator "TA"]
[PlyCount "81"]
[EventDate "2018.12.05"]
[EventType "k.o."]
[EventCountry "RUS"]
[SourceTitle "playchess.com"]
[Source "ChessBase"]
[SourceQuality "1"]

{[%evp 21,81,0,0,0,8,-1,22,16,27,0,52,39,56,82,140,145,138,134,133,129,190,197,247,154,194,192,202,197,278,278,597,580,574,502,859,858,875,849,780,603,1934,1969,3079,2722,5975,5968,5742,5742,29984,29985,29985,29986,29985,5838,29992,29987,29987,29988,29988,29989,29992,29990]} 1. d4 Nf6 2. c4 g6 3. Nc3 d5 4. cxd5 Nxd5 5. g3 Bg7 6. Bg2 Nxc3 7. bxc3 c5 8. e3 Qa5 {D71: Fianchetto Grünfeld: 3 g3 d5 sidelines and 5 cxd5 (without Nf3)} 9. Ne2 {[%cal Bg1e2,Be2c1,Bc1b3][%mdl 32]} (9. Bd2 O-O 10. Ne2 Nc6 11. O-O Rd8 12. Rc1 Qxa2 13. Ra1 Qb2 14. Rb1 Qa2 15. Rb5 cxd4 16. cxd4 {1-0 (44) Jobava,B (2698)-Van Kampen,R (2643) Germany 2017}) 9... cxd4 10. exd4 O-O 11. O-O Nc6 {LiveBook: 8 Games} 12. Bd2 Bd7 $146 ({Predecessor:} 12... Be6 13. c4 Qh5 14. Rc1 Nxd4 15. Nxd4 Bxd4 16. Qxh5 gxh5 {½-½ (29) Vekelis,G (2351)-Grinev,V ICCF email 2014}) 13. Nc1 Rad8 14. Nb3 Qc7 15. Qe2 e5 ({Black should try} 15... Qc8 $11) 16. d5 $14 Ne7 17. c4 {[%cal Bc3c4,Bc4c5,Bc5c6][%mdl 32]} Nf5 ({Better is} 17... b6) 18. c5 $1 $16 Ba4 19. Qc4 Qd7 20. Qb4 Bb5 (20... Qb5 $16) 21. Rfe1 $18 Ne7 22. a4 Ba6 {[#]} 23. c6 $1 {[%cal Rc6d7][%mdl 512]} Qc7 (23... bxc6 24. Nc5) 24. cxb7 Nxd5 {[#]} (24... Qxb7 $142 25. Nc5 Qxb4 26. Bxb4 Bc4) 25. Qa5 $1 {[%cal Ra5a6]} e4 $2 (25... Qb6 {is more resistant.} 26. Bg5 (26. Bxd5 Qxa5 27. Nxa5 Rxd5 $16) 26... Rd7) 26. Qxa6 Bxa1 27. Ba5 Nb6 (27... Rd6 $142 28. Bxc7 Rxa6) 28. Qxa7 Rb8 29. Bxe4 Rfe8 30. Qxb6 Qc4 31. Rxa1 Qxe4 32. Re1 Qxa4 33. Rxe8+ Qxe8 34. Qf6 {White wants to mate with Bc3.} Qe4 35. Bc3 {[%csl Gc3][%cal Rf6h8]} Qb1+ 36. Kg2 {[%csl Gc3][%cal Rf6h8]} Qe4+ 37. Kh3 (37. f3 $142 Qe2+ 38. Kg1 Qd1+ 39. Kf2 Kf8 40. Qh8+ Ke7 41. Bb4+ Kd7 42. Qxb8) 37... Kf8 38. Qh8+ {White mates.} Ke7 39. Bf6+ Ke6 40. Nc5+ {[%mdl 64] Double Attack} Kf5 41. Nxe4 {Accuracy: White = 82%, Black = 25%.} 1-0

[Event "RUS Cup Final Women 2018"]
[Site "Khanty-Mansiysk"]
[Date "2018.12.06"]
[Round "1.2"]
[White "Semenova, Elena"]
[Black "Girya, Olga"]
[Result "1-0"]
[WhiteElo "2260"]
[BlackElo "2454"]
[Annotator "TA"]
[PlyCount "35"]
[EventDate "2018.12.05"]
[EventType "k.o."]
[EventCountry "RUS"]
[SourceTitle "playchess.com"]
[Source "ChessBase"]
[SourceQuality "1"]

{[%evp 10,35,12,16,34,25,35,35,84,80,75,72,85,90,112,108,222,211,216,222,202,219,371,406,350,318,303,296]} 1. e4 c6 2. Nc3 d5 3. Nf3 Bg4 4. d4 e6 5. h3 (5. Bd3 Nf6 6. e5 Nfd7 7. h3 Bxf3 8. Qxf3 c5 9. dxc5 Nc6 10. Qg3 Ncxe5 11. Bb5 a6 12. Ba4 Nc6 13. Be3 {½-½ (53) Bacrot,E (2708)-Topalov,V (2749) Paris 2017}) 5... Bxf3 6. gxf3 {LiveBook: 23 Games. B11: Caro-Kann: Two Knights Variation} Ne7 7. h4 $146 ({Predecessor:} 7. Qd3 g6 8. Be3 Bg7 9. O-O-O Nd7 10. h4 h5 11. Bh3 Qa5 12. Bd2 Qb6 {1-0 (65) Alikulov,E (2372)-Zhadanov,V (2321) Moscow 2015}) 7... h5 8. Bg5 {White is slightly better.} Qb6 9. Qd2 Nd7 10. O-O-O Qa5 11. Kb1 {[#] Strongly threatening Nb5.} Nb6 12. Rg1 f6 (12... a6 $16 {was worth a try.}) 13. Bf4 $18 Nc4 14. Bxc4 dxc4 15. d5 O-O-O $2 (15... Rd8 {keeps fighting.}) 16. d6 {[#] Threatening mate with d7+.} e5 17. dxe7 Bxe7 18. Nd5 $1 {Accuracy: White = 97%, Black = 20%.} 1-0

[Event "RUS Cup Final Women 2018"]
[Site "Khanty-Mansiysk"]
[Date "2018.12.06"]
[Round "1.4"]
[White "Girya, Olga"]
[Black "Semenova, Elena"]
[Result "1-0"]
[WhiteElo "2454"]
[BlackElo "2260"]
[Annotator "TA"]
[PlyCount "108"]
[EventDate "2018.12.05"]
[EventType "k.o."]
[EventCountry "RUS"]
[SourceTitle "playchess.com"]
[Source "ChessBase"]
[SourceQuality "1"]

{[%evp 24,108,50,37,55,66,68,58,206,216,216,208,208,207,287,162,195,151,149,145,252,189,190,134,144,129,127,112,159,152,193,184,190,148,205,205,240,190,207,174,234,222,239,206,331,335,331,331,339,333,324,323,413,409,556,545,547,553,543,553,514,520,661,658,643,633,699,687,782,715,1030,1025,1028,973,1014,989,1125,1122,29968,29970,29981,5745,29967,29969,29981,29981,29989]} 1. d4 d5 2. c4 dxc4 3. e3 Nf6 4. Nf3 e6 5. Bxc4 c5 6. O-O cxd4 7. exd4 Be7 8. Nc3 O-O 9. Re1 Nc6 10. a3 b6 11. Ba2 Bb7 12. Bf4 Rc8 13. Qd3 {LiveBook: 6 Games} Nd5 {D26: Queen's Gambit Accepted: 4 e3 e6 5 Bxc5 c5 sidelines} 14. Nxd5 exd5 15. Rad1 {[#]} Bd6 $146 (15... Na5 $14) ({Predecessor:} 15... Bf6 16. Ne5 g6 17. Qf3 Nxe5 18. dxe5 Bg7 19. Bxd5 Bxd5 20. Rxd5 Qe7 21. Bd2 {1-0 (50) Lysyj,I (2631)-Yakovich,Y (2518) Cheliabinsk 2018}) 16. Ng5 $1 $18 {[%csl Gg5][%cal Rd3h7]} ({Less strong is} 16. Bxd6 Qxd6 17. Ng5 g6 $14) 16... g6 {[#]} 17. Qh3 $1 {[%csl Gg5][%cal Rh3h7]} ({Weaker is} 17. Bxd6 Qxd6 18. Qh3 h5 $14) 17... h5 {[#]} 18. Ne6 $1 {[%cal Re6d8][%mdl 512]} fxe6 {[#]} 19. Qxe6+ (19. Bxd6 $142 $1 Re8 20. Rxe6) 19... Kg7 20. Qxd6 Qxd6 21. Bxd6 Rfd8 (21... Rfe8 $16 22. Bxd5 Rxe1+ 23. Rxe1 Rd8) 22. Bf4 Rd7 23. Re6 (23. Bg5 $18) 23... Kf7 $16 24. Re2 Ba6 25. Ree1 Na5 26. h4 Bc4 27. Bb1 Bb3 28. Rc1 Rxc1 (28... Rc4 $16 29. g3 Ba4) 29. Rxc1 $18 Bc4 30. Rc3 {And now Rg3 would win.} Re7 {Threatens to win with ...Re1+.} 31. Be5 {Rf3+ is the strong threat.} Be2 (31... Nc6 $142) 32. Bd6 Rd7 33. Bf4 Nc4 (33... Bg4 $142 34. Bd3 Rd8) 34. Rg3 Bg4 {intending ...Re7.} 35. f3 Bf5 36. Bxf5 gxf5 {[%mdl 4096] Endgame KRB-KRN} 37. Rg5 {[%mdl 64] Double Attack} Re7 38. b3 Nb2 39. Rxf5+ Kg6 40. Rg5+ Kf7 41. Be5 Nd3 42. Rxh5 Ke6 43. Rh6+ Kd7 44. Rd6+ {[%mdl 64] Double Attack} Kc8 45. Rxd5 Nc1 46. b4 Ne2+ 47. Kf2 Nc3 48. Rd6 Nb5 49. Rg6 Nxa3 50. h5 {[%cal Bh4h5,Bh5h6][%mdl 32]} Kd7 51. h6 Nc4 52. Bf6 (52. Rg7 $142 Rxg7 53. hxg7 Kc6 54. g8=Q Kb5 55. Qf7 Nb2 56. Qxa7 Kxb4 57. Qxb6+ Ka3 58. d5) 52... Rf7 53. Rg7 Ke6 54. Rxf7 Kd5 {Accuracy: White = 84%, Black = 26%.} 1-0

[Event "RUS Cup Final Women 2018"]
[Site "Khanty-Mansiysk"]
[Date "2018.12.06"]
[Round "1.4"]
[White "Semenova, Elena"]
[Black "Girya, Olga"]
[Result "*"]
[WhiteElo "2260"]
[BlackElo "2454"]
[Annotator "TA"]
[PlyCount "34"]
[EventDate "2018.12.05"]
[EventType "k.o."]
[EventCountry "RUS"]
[SourceTitle "playchess.com"]
[Source "ChessBase"]
[SourceQuality "1"]

{[%evp 12,34,20,-11,12,-14,0,-31,-19,-33,-31,-30,0,0,-6,0,0,0,30,34,70,75,63,75,72]} 1. e4 c6 2. Nc3 d5 3. Nf3 Bg4 4. d4 e6 5. h3 (5. Bd3 Nf6 6. e5 Nfd7 7. h3 Bxf3 8. Qxf3 c5 9. dxc5 Nc6 10. Qg3 Ncxe5 11. Bb5 a6 12. Ba4 Nc6 13. Be3 {½-½ (53) Bacrot,E (2708)-Topalov,V (2749) Paris 2017}) 5... Bxf3 6. gxf3 {B11: Caro-Kann: Two Knights Variation} Nf6 7. Be3 {LiveBook: 3 Games} Nbd7 8. Rg1 $146 {The position is equal.} ({Predecessor:} 8. Qd2 Qa5 9. Bd3 O-O-O 10. a3 dxe4 11. fxe4 e5 12. d5 cxd5 13. Nxd5 Qxd2+ 14. Bxd2 {1-0 (41) Hector,J (2502)-Olsen,F (2309) Ballerup 2018}) 8... g6 9. Qd2 Bb4 10. Bd3 Qa5 11. a3 Bxc3 12. Qxc3 Qxc3+ 13. bxc3 O-O 14. c4 dxe4 15. fxe4 e5 16. c3 Rfe8 17. f3 $1 c5 {Accuracy: White = 60%, Black = 40%.} *

[Event "RUS Cup Final Women 2018"]
[Site "Khanty-Mansiysk"]
[Date "2018.12.07"]
[Round "2.1"]
[White "Girya, Olga"]
[Black "Guseva, Marina"]
[Result "0-1"]
[WhiteElo "2454"]
[BlackElo "2408"]
[Annotator "TA"]
[PlyCount "64"]
[EventDate "2018.12.05"]
[EventType "k.o."]
[EventCountry "RUS"]
[SourceTitle "playchess.com"]
[Source "ChessBase"]
[SourceQuality "1"]

{[%evp 34,64,19,16,26,30,27,-36,-35,-45,-62,-22,-74,-90,-90,-90,-90,-84,-95,-265,-276,-286,-291,-583,-570,-693,-604,-579,-574,-931,-871,-1302,-1292]} 1. d4 d5 2. c4 c6 3. Nc3 Nf6 4. e3 e6 5. Nf3 Nbd7 6. Qc2 b6 7. Bd3 Bb7 8. O-O Be7 9. b3 O-O 10. Bb2 h6 11. Rac1 Rc8 12. Rfd1 Qc7 13. Qe2 Qb8 {D46: Semi-Slav: 5 e3 Nbd7 6 Bd3, Black avoids the Meran} 14. Ne5 dxc4 $146 (14... Rfd8 15. f4 dxc4 16. bxc4 c5 17. f5 Bd6 18. fxe6 fxe6 19. Ng4 Nxg4 20. Qxg4 Bxh2+ 21. Kh1 {½-½ (65) Bindrich,F (2594)-Dreev,A (2644) Berlin 2015}) 15. bxc4 Nxe5 16. dxe5 Nd7 17. f4 Nc5 18. Bb1 {LiveBook: 3 Games} Rcd8 19. Rd4 Ba6 20. Rf1 ({White should try} 20. Ba3 $11) 20... b5 $15 21. Qc2 {[%csl Gb1][%cal Rc2h7] [#]} g6 22. cxb5 cxb5 {[%cal Bc6b5,Bb5b4][%mdl 32]} 23. Rfd1 b4 24. Ne2 Rc8 25. Qd2 Na4 26. Rd7 $2 {[#]} (26. Bd3 $17 {is the only way for White.} Nxb2 27. Qxb2) 26... Bc5 $1 $19 27. Nd4 Nb6 {[%mdl 64] Trapped Piece} 28. Bd3 $2 (28. Rxf7 {might work better.} Kxf7 29. Bxg6+ Kxg6 30. Nxe6) 28... Bxd3 {Black is clearly winning.} ({Weaker is} 28... Nxd7 29. Bxa6 Rc7 30. Qe1 $17) 29. Nxe6 Nxd7 30. Qxd3 Rfe8 31. Ng7 Kxg7 32. e6+ Nf6 {Accuracy: White = 31%, Black = 84%.} 0-1

[Event "RUS Cup Final Women 2018"]
[Site "Khanty-Mansiysk"]
[Date "2018.12.07"]
[Round "2.1"]
[White "Shuvalova, Polina"]
[Black "Charochkina, Daria"]
[Result "1-0"]
[WhiteElo "2441"]
[BlackElo "2344"]
[Annotator "NA"]
[PlyCount "157"]
[EventDate "2018.12.05"]
[EventType "k.o."]
[EventCountry "RUS"]
[SourceTitle "playchess.com"]
[Source "ChessBase"]
[SourceQuality "1"]
[TimeControl "5400+30"]

1. e4 {[%emt 0:00:00]} c6 {[%emt 0:00:00]} 2. d4 {[%emt 0:00:00]} d5 {[%emt 0:00:00]} 3. exd5 {[%emt 0:00:00]} cxd5 {[%emt 0:00:00]} 4. Bd3 {[%emt 0:00:00]} Nc6 {[%emt 0:00:03]} 5. c3 {[%emt 0:00:00]} Qc7 {[%emt 0:00:05]} 6. Ne2 {[%emt 0:00:00]} Bg4 {[%emt 0:00:06]} 7. O-O {[%emt 0:00:02] B13: Caro-Kann: Exchange Variation and Panov-Botvinnik Attack} Nf6 {[%emt 0:00:29] LiveBook: 20 Games} (7... e6 8. Qe1 Bxe2 9. Qxe2 Nf6 10. Nd2 Bd6 11. g3 O-O 12. f4 a6 13. Nf3 b5 14. a3 Ne7 {½-½ (52) Le,Q (2715)-Nisipeanu,L (2661) Batumi 2018}) 8. Qe1 {[%emt 0:02:16]} e6 {[%emt 0:00:24]} 9. Bg5 {[%emt 0:01:47]} Bxe2 {[%emt 0:02:15]} 10. Qxe2 {[%emt 0:00:16]} Bd6 {[%emt 0:00:07]} 11. g3 {[%emt 0:00:37]} h6 {[%emt 0:00:11]} 12. Be3 $146 {[%emt 0:01:11]} ({Predecessor:} 12. Bxf6 gxf6 13. Nd2 O-O-O 14. b4 h5 {0-1 (67) Lukasiewicz,A (2094)-Rozycki,B (2145) Jastrzebia Gora 2018}) 12... O-O {[%emt 0:01:25]} 13. Nd2 {[%emt 0:01:41]} e5 {[%emt 0:04:04]} 14. dxe5 {[%emt 0:00:05]} Nxe5 {[%emt 0:00:51]} 15. Bf5 {[%emt 0:00:06]} Rfe8 {[%emt 0:04:25]} 16. Rae1 {[%emt 0:05:29]} Nc4 {[%emt 0:11:34]} 17. Nxc4 {[%emt 0:00:14]} dxc4 {[%emt 0:00:11]} 18. Qf3 {[%emt 0:06:58]} Bc5 {[%emt 0:14:35]} 19. Bf4 {[%emt 0:03:50]} Qb6 {[%emt 0:00:09]} 20. Be5 {[%emt 0:02:50]} Re7 {[%emt 0:19:19]} 21. Re2 {[%emt 0:05:39]} Rae8 {[%emt 0:00:17]} 22. Rfe1 {[%emt 0:00:19]} g6 {[%emt 0:04:29]} 23. Bh3 {[%emt 0:13:04]} Qc6 {[%emt 0:04:46]} 24. Qxc6 {[%emt 0:05:53]} bxc6 {[%emt 0:00:04]} 25. Kf1 {[%emt 0:00:09]} Nd5 {[%emt 0:00:50]} 26. Bg2 {[%emt 0:02:20]} Re6 {[%emt 0:01:37]} 27. Bd4 {[%emt 0:08:38]} Bxd4 {[%emt 0:02:06]} 28. cxd4 {[%emt 0:03:43]} Rxe2 {[%emt 0:00:52]} 29. Rxe2 {[%emt 0:00:02]} Rd8 {[%emt 0:04:27]} 30. Rc2 {[%emt 0:03:20]} Nb6 {[%emt 0:00:11]} 31. Rd2 {[%emt 0:00:15]} c5 {[%emt 0:02:40]} 32. d5 {[%emt 0:00:24]} Nc8 {[%emt 0:00:03]} 33. Ke1 {[%emt 0:03:37]} Nd6 {[%emt 0:00:11]} 34. Re2 {[%emt 0:01:55]} Kf8 {[%emt 0:00:15]} 35. Kd2 {[%emt 0:00:45]} Rb8 {[%emt 0:00:33]} 36. Kc2 {[%emt 0:02:08]} h5 {[%emt 0:01:48]} 37. h4 {[%emt 0:02:33]} Nb5 {[%emt 0:02:11]} 38. Re3 {[%emt 0:01:51]} Nd6 {[%emt 0:00:42]} (38... Nd4+ $14 39. Kc3 Nf5) 39. Bf1 {[%emt 0:01:36]} (39. Ra3 $16) 39... Rb7 {[%emt 0:03:41]} 40. Kc3 {[%emt 0:00:28]} Rb4 {[%emt 0:00:27]} 41. Kc2 {[%emt 0:00:50]} Rb7 {[%emt 0:00:33]} 42. Ra3 {[%emt 0:03:05]} Ke7 {[%emt 0:00:03]} 43. Ra6 {[%emt 0:00:34]} Kd7 {[%emt 0:02:33]} 44. Bh3+ {[%emt 0:00:52]} f5 {[%emt 0:05:23]} 45. f4 {[%emt 0:01:44]} Rc7 {[%emt 0:00:29]} 46. Bg2 {[%emt 0:00:22]} Rb7 {[%emt 0:00:24]} 47. Kc3 {[%emt 0:01:27]} Rc7 {[%emt 0:01:04]} 48. Bh1 {[%emt 0:02:32]} Rb7 {[%emt 0:00:35]} 49. Bf3 {[%emt 0:00:05]} Rc7 {[%emt 0:02:28]} 50. Be2 {[%emt 0:00:09]} Rb7 {[%emt 0:02:22]} 51. Bxc4 {[%emt 0:00:25]} Ne4+ {[%emt 0:00:08]} 52. Kc2 {[%emt 0:00:40]} Nd6 {[%emt 0:00:05]} 53. Be2 {[%emt 0:01:24]} Rc7 {[%emt 0:00:47]} 54. Bd3 {[%emt 0:00:37]} Rb7 {[%emt 0:00:28]} 55. Kc3 {[%emt 0:00:12]} Rc7 {[%emt 0:00:36]} 56. Bc2 {[%emt 0:00:59]} Nb5+ {[%emt 0:00:46]} 57. Kc4 $18 {[%emt 0:01:38]} Nd6+ {[%emt 0:00:08]} 58. Kd3 {[%emt 0:00:05]} Ke7 {[%emt 0:00:50]} 59. Ba4 {[%emt 0:00:40]} Rb7 {[%emt 0:00:06]} 60. Kc2 {[%emt 0:01:26]} Rc7 {[%emt 0:00:28]} 61. Kd1 {[%emt 0:00:56]} Rb7 {[%emt 0:00:28]} 62. Kc1 {[%emt 0:00:07]} Rc7 {[%emt 0:01:16]} 63. Kc2 {[%emt 0:00:01]} Rb7 {[%emt 0:00:41]} 64. a3 {[%emt 0:02:52]} Rc7 {[%emt 0:00:19]} 65. b3 {[%emt 0:00:14]} c4 {[%emt 0:01:13]} 66. b4 {[%emt 0:01:20]} c3 {[%emt 0:00:12]} 67. Rc6 {[%emt 0:01:16]} Rb7 {[%emt 0:02:35]} 68. Kxc3 {[%emt 0:00:17]} Ne4+ {[%emt 0:00:03]} 69. Kd4 {[%emt 0:00:15]} Nd6 {[%emt 0:00:04]} 70. Bc2 {[%emt 0:03:29]} Rd7 {[%emt 0:00:41]} 71. Bd3 {[%emt 0:00:13]} Rb7 {[%emt 0:00:21]} 72. Kc5 {[%emt 0:00:09]} Rd7 {[%emt 0:00:12]} 73. a4 {[%emt 0:00:10]} Nb7+ {[%emt 0:01:43]} 74. Kd4 {[%emt 0:00:10]} Nd6 {[%emt 0:00:03]} 75. a5 {[%emt 0:00:06]} Rb7 {[%emt 0:01:20]} 76. Kc5 {[%emt 0:00:03]} Rd7 {[%emt 0:00:02]} 77. a6 {[%emt 0:00:06]} Rd8 {[%emt 0:01:54]} 78. Rc7+ {[%emt 0:00:18]} Rd7 {[%emt 0:00:06]} 79. Kc6 {[%emt 0:00:12]} 1-0

[Event "RUS Cup Final Women 2018"]
[Site "Khanty-Mansiysk"]
[Date "2018.12.08"]
[Round "2.2"]
[White "Guseva, Marina"]
[Black "Girya, Olga"]
[Result "0-1"]
[WhiteElo "2408"]
[BlackElo "2454"]
[Annotator "TA"]
[PlyCount "98"]
[EventDate "2018.12.05"]
[EventType "k.o."]
[EventCountry "RUS"]
[SourceTitle "playchess.com"]
[Source "ChessBase"]
[SourceQuality "1"]

{[%evp 13,98,27,20,18,26,26,26,24,22,-8,-8,-1,-5,-15,-12,-21,0,0,0,0,8,0,0,0,0,-9,-8,-10,-8,-19,-4,-12,0,0,7,0,18,-17,0,-47,-32,-47,-39,-32,26,0,0,0,40,-17,22,0,0,-60,35,40,36,0,0,-12,-20,-67,0,0,0,0,0,0,0,-621,-592,-545,-333,-325,-298,-477,-293,-243,-256,-237,-255,-241,0,-29988,-29989,-29989,-29990]} 1. d4 f5 2. g3 Nf6 3. Bg2 e6 4. c4 d5 5. Nf3 Bd6 6. O-O O-O 7. b3 Ne4 {LiveBook: 3 Games. A90: Dutch Defence: Miscellaneous and Modern Stonewall (with ...Bd6)} (7... b6 8. Ba3 Ne4 9. Bxd6 Qxd6 10. cxd5 exd5 11. e3 Ba6 12. Re1 Nd7 13. Qc1 c5 14. Qa3 Bb7 15. dxc5 bxc5 {0-1 (40) Melkumyan,H (2633)-Grischuk,A (2772) Riadh 2017}) 8. Ne5 b6 $146 ({Predecessor:} 8... c5 9. Bb2 Nc6 10. cxd5 exd5 11. Nxc6 bxc6 12. Qc2 Qe7 13. Nc3 Ba6 14. dxc5 Bxc5 15. Na4 Bxf2+ 16. Rxf2 Nxf2 {1-0 (24) Wells,P (2530)-Brandner,S (2220) Oberwart 1995}) 9. cxd5 exd5 {White has an edge.} 10. f3 Nf6 11. f4 Ne4 12. Bb2 Nd7 {[%cal Bb8d7,Bd7f6,Bf6e4][%mdl 32]} 13. Nd2 Ndf6 14. Nxe4 Nxe4 15. Rc1 a5 16. a4 Be6 17. Rc6 Qe8 {White should prevent ...Bxe5.} 18. Qc1 Qe7 19. Qe3 Bd7 {Threatens to win with ...Bxe5.} 20. Rc2 Bc8 21. Nc6 Qe8 22. Ra1 Rf6 23. Ne5 Qe7 24. Qc1 Ba6 25. Nc6 Qe8 26. Ba3 h5 27. Ne5 h4 28. gxh4 Qh5 ({Black should try} 28... c5 $15) 29. Bxd6 cxd6 30. Nf3 $1 Rg6 31. Qe3 (31. Ng5 $14) 31... Re8 32. Ng5 Qxh4 33. Rac1 (33. Rf1 $11) 33... Rxg5 (33... Rf8 $15) 34. fxg5 $14 f4 35. Qf3 {g6 is the strong threat.} Qxg5 36. Rc7 Nf6 37. Rf1 Rxe2 ({Black should play} 37... Re4 $1 $15 38. Rc2 Ng4) 38. Ra7 $11 {[#]} Bd3 $1 {[%mdl 512] Strongly threatening ...Rd2.} 39. Ra8+ $1 (39. Qxd3 Qxg2#) 39... Kf7 {[%cal Bg8f7,Bf7e6,Be6f6][%mdl 32] aiming for ...Rc2.} 40. Ra7+ Ke6 41. Kh1 $2 {[%mdl 8192]} (41. h4 $11 Rxg2+ 42. Qxg2 Qxh4 43. Rxg7 Bxf1 44. Kxf1 (44. Qxf1 Ne4 $11)) 41... Rxg2 $19 42. Qxd3 Ne4 43. Qh3+ Rg4 44. Rc7 $2 (44. Qf3 {was forced.} Ng3+ 45. hxg3 Qh6+ 46. Kg2 Rxg3+ 47. Qxg3 fxg3 48. Kxg3) 44... Kf6 {( -> ...Nf2+!)} 45. Rc2 (45. Qh8 $2 {leads to mate.} Nf2+ $1 {[%mdl 512]} 46. Rxf2 Rg1#) 45... Rh4 $1 $40 {[%cal Rh4h3][%mdl 128] Black wants a kill.} 46. Qd7 {[#] Black must now prevent Rg2.} Ng3+ $1 47. Kg1 Ne2+ $2 (47... Nxf1+ $19 48. Rg2 {[#]} (48. Kxf1 $2 Rg4 $19) 48... Ng3 $1 {[%mdl 512]} 49. hxg3 fxg3 50. Qxd6+ Kf7 51. Qc7+ Qe7 52. Qxg3 g5 53. Qf3+ Kg6) 48. Kf2 $2 {[%mdl 8192]} (48. Kh1 $11 Ng3+ {[%mdl 64] Double Attack} 49. Kg1 Nxf1+ 50. Rg2 (50. Kxf1 $2 Rg4 $19)) 48... Rxh2+ 49. Ke1 Qg3+ {[%mdl 64] Double Attack. Accuracy: White = 37%, Black = 59%.} 0-1